LEADER 01072nam 2200361 450 001 9910409736403321 005 20221009203904.0 010 $a1-78985-054-1 035 $a(CKB)4100000011335630 035 $a(NjHacI)994100000011335630 035 $a(EXLCZ)994100000011335630 100 $a20221009d2020 uy 0 101 0 $aeng 135 $aur||||||||||| 181 $ctxt$2rdacontent 182 $cc$2rdamedia 183 $acr$2rdacarrier 200 00$aScheduling Problems $eNew Applications and Trends /$fedited by Rodrigo da Rosa Righi 210 1$aRijeka, Croatia :$cIntechOpen,$d2020. 215 $a1 online resource (154 pages) $cillustrations 311 $a1-78985-053-3 320 $aIncludes bibliographical references. 517 $aScheduling problems 606 $aComputer programming 615 0$aComputer programming. 676 $a001.6 702 $aRosa Righi$b Rodrigo da 801 0$bNjHacI 801 1$bNjHacl 906 $aBOOK 912 $a9910409736403321 996 $aScheduling Problems$92959798 997 $aUNINA